| 000 | 00810cam a2200217 a 4500 | ||
|---|---|---|---|
| 001 | 000001675 | ||
| 005 | 20200929145646.0 | ||
| 008 | 760204s1928 fr 000 0bfre d | ||
| 040 |
_aDO-SdBNP _bspa _cBNPHU |
||
| 082 |
_ann* _bR864 |
||
| 245 | 0 | 0 |
_aCorrespondance generale de J.-J. Rousseau / _c[compilador] Theophile Dufour. |
| 260 |
_aParis : _bLibraire Armand Colin, _c1928. |
||
| 300 |
_av. ; _c23 cm. |
||
| 490 | 1 | _aVitam Impendere Vero | |
| 505 | 0 |
_gv. 10. _tSuite du séjour à môtiers, juin 1763-mars 1764. |
|
| 500 | _a"Obra publicada con la ayuda de la Fundación Instituto de Francia (Debrousse y Gas)". | ||
| 700 | 1 |
_aRousseau, Jean-Jacques, _d1712-1778. _95447 |
|
| 700 | 1 |
_aDufour, Theophile, _d1844-1922 _95448 |
|
| 700 | 1 |
_aPlan, Pierre Paul, _eed. _95449 |
|
| 830 | 0 |
_aVitam Impendere Vero _95450 |
|
| 999 |
_c1556 _d1556 |
||